[Event "CAN-op"]
[Site "Kapuskasing CAN"]
[Date "2004.07.17"]
[Round "9"]
[White "Zatonskih, Anna"]
[Black "Betaneli, Alexander"]
[Result "1-0"]
[WhiteElo "2445"]
[BlackElo "2228"]
[PlyCount "61"]
[GameId "2160767911095420"]
[EventDate "2004.07.10"]
[EventType "swiss"]
[EventRounds "10"]
[EventCountry "CAN"]
[SourceTitle "CBM 101 Extra"]
[Source "ChessBase"]
[SourceDate "2004.09.01"]
[SourceVersion "2"]
[SourceVersionDate "2004.09.01"]
[SourceQuality "1"]

1. e4 e5 2. Nf3 Nc6 3. Bb5 a6 4. Ba4 Nf6 5. O-O Nxe4 6. d4 b5 7. Bb3 d5 8. dxe5 Be6 9. Re1 Bc5 10. Be3 O-O 11. c3 Bxe3 12. Rxe3 Nc5 13. Nd4 Nxb3 14. axb3 Ne7 15. b4 Nf5 16. Re1 Qg5 17. Nxf5 Qxf5 18. Na3 f6 19. exf6 Rxf6 20. f3 Rh6 21. Qe2 Rf8 22. Nc2 Qh5 23. Qe5 Rf5 24. Qxc7 Rxf3 25. Nd4 Rf7 26. Qe5 Bf5 27. Rxa6 Bd7 28. Ra8+ Rf8 29. Rxf8+ Kxf8 30. Qe7+ Kg8 31. Qd8+ 1-0

[Event "CAN-op"]
[Site "Kapuskasing CAN"]
[Date "2004.07.18"]
[Round "10"]
[White "Arencibia Rodriguez, Walter"]
[Black "Fridman, Daniel"]
[Result "1-0"]
[WhiteElo "2531"]
[BlackElo "2594"]
[PlyCount "75"]
[GameId "2160767911095421"]
[EventDate "2004.07.10"]
[EventType "swiss"]
[EventRounds "10"]
[EventCountry "CAN"]
[SourceTitle "CBM 101 Extra"]
[Source "ChessBase"]
[SourceDate "2004.09.01"]
[SourceVersion "2"]
[SourceVersionDate "2004.09.01"]
[SourceQuality "1"]

1. c4 e6 2. Nf3 d5 3. g3 d4 4. Bg2 c5 5. O-O Nc6 6. d3 Nf6 7. e3 Be7 8. exd4 cxd4 9. Re1 Nd7 10. Na3 e5 11. Nc2 a5 12. Rb1 O-O 13. a3 a4 14. Bd2 Qb6 15. Nb4 Nxb4 16. axb4 Bxb4 17. Nxe5 Bxd2 18. Qxd2 Nxe5 19. Rxe5 Bd7 20. Rbe1 Bc6 21. Bd5 a3 22. b4 Ra4 23. b5 Bxd5 24. Rxd5 a2 25. Ra1 Rfa8 26. Qb2 h6 27. Kg2 Qf6 28. Rd7 b6 29. Rc7 Ra3 30. Rc8+ Rxc8 31. Qxa3 g5 32. Qxa2 Re8 33. Qd2 Qf5 34. Ra6 Re6 35. Ra8+ Kh7 36. Rd8 Rf6 37. Qe2 Re6 38. Qf3 1-0

[Event "CAN-op"]
[Site "Kapuskasing CAN"]
[Date "2004.07.18"]
[Round "10"]
[White "Betaneli, Alexander"]
[Black "Yuan, Michael"]
[Result "0-1"]
[WhiteElo "2318"]
[BlackElo "2010"]
[PlyCount "76"]
[GameId "2160767911095422"]
[EventDate "2004.07.10"]
[EventType "swiss"]
[EventRounds "10"]
[EventCountry "CAN"]

1. c4 Nf6 2. Nc3 g6 3. e4 d6 4. d4 Bg7 5. Nge2 O-O 6. Ng3 e5 7. d5 Na6 8. h4 h5 9. Bg5 Qe8 10. Qd2 Kh7 11. Be2 Bd7 12. O-O-O Nc5 13. b4 Na4 14. Kb1 c5 15. b5 Nxc3+ 16. Qxc3 a6 17. a4 axb5 18. axb5 Qb8 19. Kb2 Nxe4 20. Nxe4 f5 21. Be7 fxe4 22. Bxf8 Qxf8 23. Qg3 e3 24. Kb3 e4 25. Qxe3 Qb8 26. Rc1 Bd4 27. Qg5 Qa7 28. Qe7+ Kh8 29. Kc2 Qa4+ 30. Kd2 Qb4+ 31. Kd1 e3 32. fxe3 Ra2 33. Qd8+ Kh7 34. Qxd7+ Bg7 35. Rc2 Qb1+ 36. Rc1 Qb3+ 37. Ke1 Qxe3 38. Qe6 Rxe2+ 0-1

[Event "CAN-op"]
[Site "Kapuskasing CAN"]
[Date "2004.07.18"]
[Round "10"]
[White "Bluvshtein, Mark"]
[Black "Mikhalevski, Victor"]
[Result "0-1"]
[WhiteElo "2462"]
[BlackElo "2551"]
[PlyCount "114"]
[GameId "2160767911095423"]
[EventDate "2004.07.10"]
[EventType "swiss"]
[EventRounds "10"]
[EventCountry "CAN"]
[SourceTitle "CBM 101 Extra"]
[Source "ChessBase"]
[SourceDate "2004.09.01"]
[SourceVersion "2"]
[SourceVersionDate "2004.09.01"]
[SourceQuality "1"]

1. e4 e5 2. Nf3 Nc6 3. Bb5 a6 4. Ba4 Nf6 5. O-O Nxe4 6. d4 b5 7. Bb3 d5 8. dxe5 Be6 9. Nbd2 Nc5 10. c3 d4 11. Ng5 Qxg5 12. Qf3 O-O-O 13. Bxe6+ fxe6 14. Qxc6 Qxe5 15. Nf3 Qd5 16. Qxd5 Rxd5 17. cxd4 Nd3 18. Rd1 Nb4 19. Be3 Bd6 20. a3 Nc6 21. Rac1 Na5 22. Nd2 Kb7 23. g4 Re8 24. Rc2 Nc6 25. Ne4 e5 26. Nxd6+ Rxd6 27. d5 Ne7 28. Rc5 Ng6 29. b4 Red8 30. a4 bxa4 31. b5 a5 32. Kg2 Ne7 33. Bg5 Nxd5 34. Ra1 Kb6 35. Rc4 Ra8 36. Rcxa4 Kxb5 37. Re4 Re6 38. f4 h6 39. f5 Ree8 40. Bd2 Ra6 41. Rea4 e4 42. h4 c5 43. Rxa5+ Rxa5 44. Rxa5+ Kc4 45. Ra3 Rb8 46. Kg3 Kd4 47. f6 e3 48. Bxe3+ Nxe3 49. fxg7 c4 50. Kf3 c3 51. Rxc3 Kxc3 52. Kxe3 Rg8 53. g5 h5 54. Ke4 Rxg7 55. Kf5 Kd4 56. Kf6 Rg8 57. Kf5 Rf8+ 0-1

[Event "CAN-op"]
[Site "Kapuskasing CAN"]
[Date "2004.07.18"]
[Round "10"]
[White "Gokhale, Chandrashekhar"]
[Black "Krayushkin, Victor"]
[Result "1-0"]
[WhiteElo "2407"]
[BlackElo "2204"]
[PlyCount "91"]
[GameId "2160767911095424"]
[EventDate "2004.07.10"]
[EventType "swiss"]
[EventRounds "10"]
[EventCountry "CAN"]
[SourceTitle "CBM 101 Extra"]
[Source "ChessBase"]
[SourceDate "2004.09.01"]
[SourceVersion "2"]
[SourceVersionDate "2004.09.01"]
[SourceQuality "1"]

1. d4 Nf6 2. Nf3 g6 3. g3 Bg7 4. Bg2 O-O 5. O-O d6 6. b3 c6 7. Bb2 Bg4 8. c4 Bxf3 9. Bxf3 d5 10. Nc3 e6 11. Bg2 Nbd7 12. e3 Re8 13. Qc2 Rc8 14. Rad1 b5 15. cxb5 cxb5 16. Qe2 a6 17. Rc1 Qa5 18. Rc2 Nb6 19. Rfc1 b4 20. Na4 Rxc2 21. Qxc2 Rc8 22. Qd1 Rxc1 23. Bxc1 Nxa4 24. bxa4 Qc7 25. Bd2 Bf8 26. Bf1 Qc6 27. f3 h5 28. Bd3 Bd6 29. Qc2 Qxc2 30. Bxc2 Nd7 31. a5 Kf8 32. Ba4 Ke7 33. Kf2 f5 34. Ke2 e5 35. Bc6 Ke6 36. Bb7 Nb8 37. dxe5 Kxe5 38. Bc8 Kf6 39. f4 Ke7 40. Kd3 Bc5 41. Bc1 Nc6 42. Bb2 Nxa5 43. Bxa6 Nc6 44. Bb5 Nd8 45. Be5 Ne6 46. Bc6 1-0

[Event "CAN-op"]
[Site "Kapuskasing CAN"]
[Date "2004.07.18"]
[Round "10"]
[White "Henry, Liam"]
[Black "Whissell, Mavros"]
[Result "1-0"]
[WhiteElo "2158"]
[BlackElo "1920"]
[PlyCount "51"]
[GameId "2160767911095425"]
[EventDate "2004.07.10"]
[EventType "swiss"]
[EventRounds "10"]
[EventCountry "CAN"]

1. e4 e5 2. Nf3 Nc6 3. Bb5 a6 4. Ba4 Nf6 5. O-O b5 6. Bb3 Bc5 7. d3 d6 8. h3 h6 9. a4 Bb7 10. Na3 Na5 11. c3 b4 12. cxb4 Bxb4 13. Ba2 c5 14. Nc2 Nc6 15. Ne3 Bc8 16. Nh4 Nd4 17. Nhf5 Nxf5 18. Nxf5 O-O 19. Qf3 Kh7 20. g4 Ng8 21. g5 g6 22. Nxh6 Nxh6 23. gxh6 Qh4 24. Kh2 f5 25. exf5 Bxf5 26. Qb7+ 1-0

[Event "CAN-op"]
[Site "Kapuskasing CAN"]
[Date "2004.07.18"]
[Round "10"]
[White "Huzman, Alexander"]
[Black "Kunte, Abhijit"]
[Result "1/2-1/2"]
[WhiteElo "2588"]
[BlackElo "2532"]
[PlyCount "82"]
[GameId "2160767911095426"]
[EventDate "2004.07.10"]
[EventType "swiss"]
[EventRounds "10"]
[EventCountry "CAN"]
[SourceTitle "CBM 101 Extra"]
[Source "ChessBase"]
[SourceDate "2004.09.01"]
[SourceVersion "2"]
[SourceVersionDate "2004.09.01"]
[SourceQuality "1"]

1. Nf3 Nf6 2. c4 b6 3. Nc3 Bb7 4. d4 e6 5. a3 d5 6. cxd5 Nxd5 7. Qc2 Nd7 8. Nxd5 exd5 9. Bg5 Be7 10. Bxe7 Kxe7 11. g3 c6 12. Rc1 Nf6 13. Bh3 Qd6 14. O-O Rhe8 15. b4 Kf8 16. Ne5 a6 17. Qb2 Re7 18. Rc2 Rc7 19. Rfc1 Ne4 20. Bg2 Ng5 21. f4 Ne6 22. e3 Re8 23. Qb3 f6 24. Nf3 Nd8 25. Nh4 g6 26. Re2 Rce7 27. Qd3 Qd7 28. e4 dxe4 29. Rxe4 Rxe4 30. Bxe4 Ne6 31. f5 Qxd4+ 32. Kf1 gxf5 33. Nxf5 Qxd3+ 34. Bxd3 Rd8 35. Be4 Rd7 36. Re1 Ng5 37. Bg2 c5 38. Bxb7 Rxb7 39. bxc5 bxc5 40. h4 Nf7 41. Re6 Rb3 1/2-1/2

[Event "CAN-op"]
[Site "Kapuskasing CAN"]
[Date "2004.07.18"]
[Round "10"]
[White "Kret, Ted"]
[Black "Powell, Bryson"]
[Result "1-0"]
[WhiteElo "2228"]
[BlackElo "2009"]
[PlyCount "74"]
[GameId "2160767911095428"]
[EventDate "2004.07.10"]
[EventType "swiss"]
[EventRounds "10"]
[EventCountry "CAN"]
[SourceTitle "EXT 2022"]
[Source "ChessBase"]
[SourceDate "2021.10.06"]
[SourceVersion "1"]
[SourceVersionDate "2021.10.06"]
[SourceQuality "1"]

1. d4 d5 2. Nf3 Nf6 3. c4 e6 4. Nc3 c6 5. Bg5 Be7 6. e3 O-O 7. Bd3 Nbd7 8. O-O dxc4 9. Bxc4 Nd5 10. Bxe7 Qxe7 11. Qc2 Nxc3 12. Qxc3 c5 13. Rac1 b6 14. Bb5 Bb7 15. Bxd7 Qxd7 16. dxc5 Bxf3 17. gxf3 bxc5 18. b3 Rfd8 19. Rc2 Rac8 20. Rfc1 Rc6 21. Qe5 f6 22. Qe4 Rdc8 23. b4 f5 24. Qc4 cxb4 25. Qxc6 Rxc6 26. Rxc6 Qd5 27. Rc8+ Kf7 28. R8c7+ Kf6 29. f4 Qxa2 30. Rd7 a5 31. Rcc7 Qa1+ 32. Kg2 Kg6 33. h4 h6 34. h5+ Kxh5 35. Rxg7 b3 36. Rg3 a4 37. Rh7 Qf6 1-0

[Event "CAN-op"]
[Site "Kapuskasing CAN"]
[Date "2004.07.18"]
[Round "10"]
[White "Krnan, Tomas"]
[Black "Kudrin, Sergey"]
[Result "0-1"]
[WhiteElo "2397"]
[BlackElo "2563"]
[PlyCount "90"]
[GameId "2160767911095429"]
[EventDate "2004.07.10"]
[EventType "swiss"]
[EventRounds "10"]
[EventCountry "CAN"]
[SourceTitle "EXT 2022"]
[Source "ChessBase"]
[SourceDate "2021.10.06"]
[SourceVersion "1"]
[SourceVersionDate "2021.10.06"]
[SourceQuality "1"]

1. e4 c5 2. Nf3 g6 3. d4 cxd4 4. Nxd4 Bg7 5. c4 Nc6 6. Be3 Nf6 7. Nc3 d6 8. Be2 O-O 9. O-O Bd7 10. Qd2 Nxd4 11. Bxd4 Bc6 12. f3 a5 13. b3 Nd7 14. Bf2 Nc5 15. Rab1 Qb6 16. a3 Qd8 17. Bd1 b6 18. Bc2 Qb8 19. Rfc1 Rc8 20. Bd1 Qc7 21. b4 axb4 22. axb4 Nd7 23. Bb3 Qd8 24. Nd5 Ra7 25. Bh4 Bxd5 26. cxd5 Rac7 27. Rc6 Ne5 28. Rxb6 Ra8 29. Bf2 Qc8 30. Rb5 Rc3 31. Ra5 Rb8 32. b5 Rxb3 33. Rxb3 Nc4 34. Qe1 Nxa5 35. Qxa5 Qc2 36. Re3 Bd4 37. h3 h5 38. Qb4 Bxe3 39. Bxe3 Qe2 40. Qc3 Qxb5 41. Qc7 Qb7 42. Qa5 Ra8 43. Qc3 Ra2 44. Bg5 Qb6+ 45. Qe3 Qb1+ 0-1

[Event "CAN-op"]
[Site "Kapuskasing CAN"]
[Date "2004.07.18"]
[Round "10"]
[White "Moiseenko, Alexander"]
[Black "Miroshnichenko, Evgenij"]
[Result "1-0"]
[WhiteElo "2640"]
[BlackElo "2615"]
[PlyCount "111"]
[GameId "2160767911095430"]
[EventDate "2004.07.10"]
[EventType "swiss"]
[EventRounds "10"]
[EventCountry "CAN"]
[SourceTitle "CBM 101 Extra"]
[Source "ChessBase"]
[SourceDate "2004.09.01"]
[SourceVersion "2"]
[SourceVersionDate "2004.09.01"]
[SourceQuality "1"]

1. d4 Nf6 2. c4 g6 3. Nc3 Bg7 4. e4 O-O 5. Be3 d6 6. f3 a6 7. Qd2 c6 8. O-O-O b5 9. h4 Nbd7 10. Bh6 e5 11. Nge2 Qa5 12. Bxg7 Kxg7 13. h5 b4 14. Nb1 Qxa2 15. Ng3 Nb6 16. c5 Nc4 17. Qxb4 Ne3 18. Rd2 Be6 19. Qc3 Nxf1 20. Rxf1 exd4 21. h6+ Kxh6 22. Rxd4 Kg7 23. cxd6 Kg8 24. Qa3 Qxa3 25. Nxa3 Nd7 26. Kb1 Rab8 27. Rc1 c5 28. Rd2 Rb4 29. Ne2 f5 30. Nc2 Rb3 31. Nf4 Re8 32. Re1 Kf7 33. Kc1 fxe4 34. Rxe4 g5 35. Nd3 Bf5 36. Rxe8 Kxe8 37. Re2+ Kf7 38. Ne5+ Kf6 39. Nxd7+ Bxd7 40. Re7 Be6 41. Rxh7 Rd3 42. Rc7 c4 43. Rc6 g4 44. Nb4 gxf3 45. gxf3 Bd7 46. Nxd3 Bxc6 47. Nc5 Bxf3 48. Kd2 a5 49. Kc3 Bd5 50. Kd4 Bg8 51. Ne4+ Ke6 52. Kc5 c3 53. Nxc3 Kd7 54. Nd5 Bf7 55. Nb6+ Kd8 56. Kb5 1-0

[Event "CAN-op"]
[Site "Kapuskasing CAN"]
[Date "2004.07.18"]
[Round "10"]
[White "Molchanov, Yevhen"]
[Black "Nickoloff, Bryon"]
[Result "0-1"]
[WhiteElo "2104"]
[BlackElo "2405"]
[PlyCount "60"]
[GameId "2160767911095431"]
[EventDate "2004.07.10"]
[EventType "swiss"]
[EventRounds "10"]
[EventCountry "CAN"]
[SourceTitle "CBM 101 Extra"]
[Source "ChessBase"]
[SourceDate "2004.09.01"]
[SourceVersion "2"]
[SourceVersionDate "2004.09.01"]
[SourceQuality "1"]

1. d4 Nf6 2. Nc3 d5 3. Bg5 c6 4. Qd2 Bf5 5. f3 Nbd7 6. g4 Bg6 7. Nh3 e5 8. e3 h6 9. Bh4 Bb4 10. Nf2 Qe7 11. Be2 O-O 12. O-O Rfe8 13. Rae1 a5 14. Bg3 Bd6 15. Kg2 b5 16. Ncd1 a4 17. c3 Nb6 18. Nd3 Nc4 19. Qc1 e4 20. Nf4 exf3+ 21. Bxf3 Be4 22. Nf2 Bh7 23. Kg1 Ne4 24. Nxe4 Bxe4 25. Bxe4 Qxe4 26. Kf2 Ra7 27. h3 f5 28. Re2 fxg4 29. hxg4 Rf7 30. Ke1 Nxe3 0-1

[Event "CAN-op"]
[Site "Kapuskasing CAN"]
[Date "2004.07.18"]
[Round "10"]
[White "Nahutin, Yevgeni"]
[Black "Lapshun, Yury"]
[Result "0-1"]
[WhiteElo "2047"]
[BlackElo "2444"]
[PlyCount "98"]
[GameId "2160767911095432"]
[EventDate "2004.07.10"]
[EventType "swiss"]
[EventRounds "10"]
[EventCountry "CAN"]
[SourceTitle "EXT 2022"]
[Source "ChessBase"]
[SourceDate "2021.10.06"]
[SourceVersion "1"]
[SourceVersionDate "2021.10.06"]
[SourceQuality "1"]

1. Nf3 Nf6 2. b3 c5 3. e3 b6 4. Bb2 e6 5. d4 Bb7 6. Bd3 Be7 7. Nbd2 O-O 8. Qe2 cxd4 9. exd4 Nd5 10. O-O Nf4 11. Qe3 Nxd3 12. Qxd3 Ba6 13. c4 d5 14. Rfc1 Nc6 15. Qe3 dxc4 16. Nxc4 Rc8 17. Ba3 Bxa3 18. Nxa3 Qd5 19. Nc2 Rfd8 20. h3 h6 21. a3 Qf5 22. Nb4 Bb7 23. Nxc6 Bxc6 24. Ne5 Bb7 25. Rxc8 Rxc8 26. Rc1 Rc2 27. Rxc2 Qxc2 28. f3 Bd5 29. b4 f6 30. Ng4 Kf7 31. Qf4 Qc3 32. h4 Qe1+ 33. Kh2 Qxh4+ 34. Kg1 Qe1+ 35. Kh2 Kg6 36. Ne3 h5 37. Nxd5 exd5 38. Kh3 Qc3 39. g4 Qc8 40. Qd6 hxg4+ 41. fxg4 Qc3+ 42. Kh4 Qxd4 43. Qd7 Qe4 44. Kh3 d4 45. Qxa7 Kg5 46. Qxb6 Qe3+ 47. Kg2 Kxg4 48. a4 Qe2+ 49. Kg1 Kh3 0-1

[Event "CAN-op"]
[Site "Kapuskasing CAN"]
[Date "2004.07.18"]
[Round "10"]
[White "Nataf, Igor A"]
[Black "Jonkman, Harmen"]
[Result "1/2-1/2"]
[WhiteElo "2553"]
[BlackElo "2425"]
[PlyCount "98"]
[GameId "2160767911095433"]
[EventDate "2004.07.10"]
[EventType "swiss"]
[EventRounds "10"]
[EventCountry "CAN"]
[SourceTitle "CBM 101 Extra"]
[Source "ChessBase"]
[SourceDate "2004.09.01"]
[SourceVersion "2"]
[SourceVersionDate "2004.09.01"]
[SourceQuality "1"]

1. e4 c6 2. d4 d5 3. e5 g6 4. Bd3 h5 5. Nf3 Bg4 6. Nbd2 e6 7. h3 Bxf3 8. Nxf3 Qb6 9. O-O Nd7 10. b3 c5 11. c4 Ne7 12. cxd5 Nxd5 13. Bc4 cxd4 14. Bxd5 exd5 15. Bb2 Bc5 16. a3 O-O 17. b4 Rfe8 18. Ra2 Bf8 19. Bxd4 Qa6 20. Ba1 Rad8 21. Re1 Bg7 22. Rd2 Nf8 23. Rxd5 Rxd5 24. Qxd5 Ne6 25. Qb3 Rd8 26. b5 Qb6 27. Qc4 Bf8 28. Bb2 Bc5 29. Rf1 Rd7 30. a4 Qd8 31. Bc3 b6 32. Bb4 Rd1 33. Bxc5 Nxc5 34. a5 Rxf1+ 35. Kxf1 Qd1+ 36. Ne1 Qa1 37. axb6 axb6 38. g4 Qxe5 39. Nf3 Qa1+ 40. Kg2 hxg4 41. hxg4 Qa8 42. Qf4 Nd3 43. Qf6 Ne1+ 44. Kg3 Nxf3 45. Qxf3 Qb8+ 46. Qf4 Qe8 47. Qg5 Qb8+ 48. Qf4 Qe8 49. Qg5 Qb8+ 1/2-1/2

[Event "CAN-op"]
[Site "Kapuskasing CAN"]
[Date "2004.07.18"]
[Round "10"]
[White "Peng, David Yu"]
[Black "Quan Zhe"]
[Result "1/2-1/2"]
[WhiteElo "2103"]
[BlackElo "2442"]
[PlyCount "82"]
[GameId "2160767911095436"]
[EventDate "2004.07.10"]
[EventType "swiss"]
[EventRounds "10"]
[EventCountry "CAN"]
[SourceTitle "EXT 2022"]
[Source "ChessBase"]
[SourceDate "2021.10.06"]
[SourceVersion "1"]
[SourceVersionDate "2021.10.06"]
[SourceQuality "1"]

1. Nf3 Nf6 2. d4 g6 3. g3 Bg7 4. Bg2 O-O 5. O-O d6 6. c4 Nbd7 7. Nc3 e5 8. dxe5 dxe5 9. e4 c6 10. b3 Qe7 11. Qc2 b6 12. a4 a5 13. Ba3 Nc5 14. Ne1 Bg4 15. f3 Be6 16. Nd3 Nfd7 17. Rae1 Rad8 18. Nd1 Rfe8 19. N1f2 Qd6 20. Rd1 Qc7 21. Nxc5 Nxc5 22. Rxd8 Rxd8 23. Bxc5 bxc5 24. Rd1 Rd4 25. Bh3 Bxh3 26. Nxh3 Bh6 27. Rxd4 cxd4 28. Nf2 Be3 29. Kg2 Bxf2 30. Kxf2 Qb6 31. Ke2 Kg7 32. h4 Qb4 33. Qb2 h5 34. Kd1 Kf6 35. Ke2 Ke6 36. Qc2 Kd6 37. Qb2 Kc5 38. Kd1 Qc3 39. Qxc3 dxc3 40. Kc2 Kb4 41. g4 c5 1/2-1/2

[Event "CAN-op"]
[Site "Kapuskasing CAN"]
[Date "2004.07.18"]
[Round "10"]
[White "Spraggett, Kevin"]
[Black "Zatonskih, Anna"]
[Result "1-0"]
[WhiteElo "2584"]
[BlackElo "2445"]
[PlyCount "73"]
[GameId "2160767911095437"]
[EventDate "2004.07.10"]
[EventType "swiss"]
[EventRounds "10"]
[EventCountry "CAN"]
[SourceTitle "CBM 101 Extra"]
[Source "ChessBase"]
[SourceDate "2004.09.01"]
[SourceVersion "2"]
[SourceVersionDate "2004.09.01"]
[SourceQuality "1"]

1. e4 d5 2. exd5 Qxd5 3. Nf3 Bg4 4. Be2 Nf6 5. d4 e6 6. h3 Bh5 7. c4 Qd8 8. Nc3 Be7 9. Be3 c6 10. Qb3 Qc7 11. O-O Nbd7 12. Rac1 O-O 13. Rfd1 h6 14. a3 Rfe8 15. Qc2 Bg6 16. Qd2 Rad8 17. Qe1 Qb8 18. b4 a6 19. c5 Ne4 20. a4 Nxc3 21. Qxc3 Be4 22. Nd2 Bd5 23. Nc4 Bf6 24. Nd6 Re7 25. Bf4 e5 26. dxe5 Bxe5 27. Bxe5 Rxe5 28. Bg4 f6 29. f4 Re7 30. Re1 Rxe1+ 31. Rxe1 Nf8 32. Re7 Ng6 33. Rxb7 Qa8 34. Qe3 a5 35. Bf5 Rxd6 36. cxd6 Qxb7 37. d7 1-0

[Event "CAN-op"]
[Site "Kapuskasing CAN"]
[Date "2004.07.18"]
[Round "10"]
[White "Thomson, Bruce"]
[Black "Papineau (Granby), Daniel"]
[Result "0-1"]
[WhiteElo "1739"]
[BlackElo "1736"]
[PlyCount "80"]
[GameId "2160767911095439"]
[EventDate "2004.07.10"]
[EventType "swiss"]
[EventRounds "10"]
[EventCountry "CAN"]

1. e4 d5 2. exd5 Nf6 3. d6 Qxd6 4. Nf3 Bg4 5. Be2 Nc6 6. d3 e6 7. Qd2 O-O-O 8. a3 h6 9. Nc3 Be7 10. b3 Nd4 11. Nxd4 Qxd4 12. Bxg4 Nxg4 13. Bb2 Bg5 14. Qe2 h5 15. Rb1 Qb6 16. h3 Nf6 17. O-O Bf4 18. Qf3 Bd6 19. Na4 Qa5 20. Bxf6 gxf6 21. Qxf6 Rhg8 22. Rfe1 Qd5 23. Re4 Rg6 24. Qh4 f5 25. Qxh5 Rdg8 26. Rg4 fxg4 27. Qxd5 exd5 28. g3 gxh3 29. Re1 Rf8 30. Re2 Rgf6 31. f4 Rg8 32. Kh2 c6 33. Nc3 Bxa3 34. Nd1 Bc5 35. Nf2 Rfg6 36. Nh1 Kd7 37. Kxh3 Rh6+ 38. Kg2 Rgh8 39. Nf2 Rh2+ 40. Kf3 Rxf2+ 0-1

[Event "CAN-op"]
[Site "Kapuskasing CAN"]
[Date "2004.07.18"]
[Round "10"]
[White "Thorvardson, Barry"]
[Black "Harper, Ryan"]
[Result "0-1"]
[WhiteElo "1945"]
[BlackElo "2192"]
[PlyCount "70"]
[GameId "2160767911095440"]
[EventDate "2004.07.10"]
[EventType "swiss"]
[EventRounds "10"]
[EventCountry "CAN"]

1. e4 c5 2. Nf3 d6 3. d4 cxd4 4. Nxd4 Nf6 5. Nc3 g6 6. Be2 Bg7 7. Be3 O-O 8. Qd2 Nc6 9. f3 Nxd4 10. Bxd4 Be6 11. h4 Qa5 12. h5 Rfc8 13. hxg6 hxg6 14. a3 Bc4 15. Bd3 b5 16. g4 Bxd3 17. cxd3 b4 18. Nd5 Nxd5 19. Bxg7 Kxg7 20. Qh6+ Kf6 21. g5+ Ke5 22. d4+ Kxd4 23. Rd1+ Kc4 24. Rxd5 Rc5 25. axb4 Qxb4+ 26. Rd2 Kb5 27. Qh3 Rc2 28. Qf1+ Ka5 29. Qe2 Rc1+ 30. Kf2 Rxh1 31. Rd5+ Kb6 32. Qe3+ Kb7 33. Kg2 Rah8 34. Qd3 Qxb2+ 35. Kg3 Qh2+ 0-1

[Event "CAN-op"]
[Site "Kapuskasing CAN"]
[Date "2004.07.18"]
[Round "10"]
[White "Tyomkin, Dimitri"]
[Black "Epishin, Vladimir"]
[Result "1-0"]
[WhiteElo "2498"]
[BlackElo "2635"]
[PlyCount "79"]
[GameId "2160767911095441"]
[EventDate "2004.07.10"]
[EventType "swiss"]
[EventRounds "10"]
[EventCountry "CAN"]
[SourceTitle "CBM 101 Extra"]
[Source "ChessBase"]
[SourceDate "2004.09.01"]
[SourceVersion "2"]
[SourceVersionDate "2004.09.01"]
[SourceQuality "1"]

1. e4 c5 2. Nf3 e6 3. d4 cxd4 4. Nxd4 a6 5. Nc3 b5 6. Bd3 Qb6 7. Nf3 Qc7 8. O-O Bb7 9. Re1 Be7 10. Bd2 b4 11. Ne2 Nc6 12. c3 Nf6 13. Ng3 bxc3 14. Bxc3 O-O 15. Rc1 Rfc8 16. e5 Nd5 17. Bd2 Qb6 18. Ng5 g6 19. Qf3 Bxg5 20. Bxg5 Nd4 21. Qg4 Rxc1 22. Rxc1 Nf5 23. Nxf5 exf5 24. Qa4 Bc6 25. Qb3 Qd4 26. Bc4 Qxe5 27. Bxd5 Bxd5 28. Qc3 Qxc3 29. Rxc3 f6 30. Bxf6 Bxa2 31. Re3 Be6 32. Bc3 Rc8 33. Re5 Kf7 34. f3 Rc4 35. Re2 g5 36. Kf2 h5 37. Rd2 h4 38. Rd4 Rc5 39. h3 Kg6 40. Rd6 1-0

[Event "CAN-op"]
[Site "Kapuskasing CAN"]
[Date "2004.07.18"]
[Round "10"]
[White "Van Dusen, Eric"]
[Black "Ferdkoyf, Alex"]
[Result "0-1"]
[WhiteElo "2025"]
[BlackElo "1654"]
[PlyCount "82"]
[GameId "2160767911095442"]
[EventDate "2004.07.10"]
[EventType "swiss"]
[EventRounds "10"]
[EventCountry "CAN"]
[SourceTitle "EXT 2022"]
[Source "ChessBase"]
[SourceDate "2021.10.06"]
[SourceVersion "1"]
[SourceVersionDate "2021.10.06"]
[SourceQuality "1"]

1. d4 Nf6 2. Nf3 g6 3. Nc3 Bg7 4. e4 d6 5. Be3 O-O 6. Qd2 e5 7. Bd3 Nc6 8. h3 a6 9. O-O Nh5 10. dxe5 dxe5 11. Rfd1 Nd4 12. Be2 Nxf3+ 13. Bxf3 Qxd2 14. Rxd2 Nf4 15. Rad1 Ne6 16. Ne2 b6 17. c3 Bb7 18. Ng3 h5 19. Ne2 Rad8 20. Nc1 Rxd2 21. Rxd2 Rd8 22. Nd3 Bf6 23. Nb4 Rxd2 24. Bxd2 Bg5 25. Bxg5 Nxg5 26. Nd5 Nxf3+ 27. gxf3 Bxd5 28. exd5 Kf8 29. Kf1 Ke7 30. Ke2 Kd6 31. c4 b5 32. Kd3 Kc5 33. b3 bxc4+ 34. bxc4 f6 35. Kc3 g5 36. Kd3 f5 37. a3 h4 38. a4 a5 39. f4 exf4 40. f3 g4 41. fxg4 fxg4 0-1

[Event "CYCC U10"]
[Site "Kapuskasing CAN"]
[Date "2004.07.06"]
[Round "1"]
[White "Berube, Pierre"]
[Black "Nadeau, Emmanuel"]
[Result "0-1"]
[WhiteElo "1018"]
[BlackElo "1246"]
[PlyCount "90"]
[GameId "2160767911095747"]
[EventDate "2004.07.06"]
[EventType "swiss"]
[EventRounds "7"]
[EventCountry "CAN"]
[SourceTitle "EXT 2006"]
[Source "ChessBase"]
[SourceDate "2005.11.24"]
[SourceVersion "1"]
[SourceVersionDate "2005.11.24"]
[SourceQuality "1"]

1. e4 e5 2. Nf3 Nc6 3. Bb5 Nf6 4. d3 Bc5 5. Bxc6 dxc6 6. Nxe5 Qd4 7. Be3 Qxe5 8. Bxc5 Qxc5 9. O-O O-O 10. Nd2 Qg5 11. h3 Bxh3 12. Qf3 Bg4 13. Qg3 Qxd2 14. Rac1 Rac8 15. f3 Qe3+ 16. Qf2 Qxf2+ 17. Rxf2 Bh5 18. g4 Bg6 19. Rg2 h6 20. f4 Rfe8 21. f5 Bh7 22. Re1 g6 23. e5 Nd5 24. c4 Nf4 25. Rf2 Nxd3 26. fxg6 Bxg6 27. Ref1 Nxf2 28. Rxf2 Rxe5 29. Rg2 Rce8 30. g5 Rxg5 31. Rxg5 hxg5 32. Kg2 Re3 33. b3 f5 34. Kf2 Rd3 35. Ke2 f4 36. b4 g4 37. b5 cxb5 38. cxb5 g3 39. Kf1 f3 40. Kg1 f2+ 41. Kg2 Rd1 42. Kxg3 f1=Q 43. Kg4 Rd2 44. a4 Rg2+ 45. Kh3 Qh1# 0-1

[Event "CYCC U10"]
[Site "Kapuskasing CAN"]
[Date "2004.07.06"]
[Round "1"]
[White "Dawson, Michael"]
[Black "Kaufman, Elliot"]
[Result "1-0"]
[WhiteElo "1252"]
[BlackElo "1073"]
[PlyCount "54"]
[GameId "2160767911095748"]
[EventDate "2004.07.06"]
[EventType "swiss"]
[EventRounds "7"]
[EventCountry "CAN"]
[SourceTitle "EXT 2006"]
[Source "ChessBase"]
[SourceDate "2005.11.24"]
[SourceVersion "1"]
[SourceVersionDate "2005.11.24"]
[SourceQuality "1"]

1. d4 d5 2. b3 Nf6 3. c4 e6 4. Nf3 Ne4 5. e3 Nd7 6. a3 b6 7. Bd3 Ndf6 8. Nbd2 Bb7 9. Nb1 Be7 10. Qc2 O-O 11. Nc3 Qd6 12. Bxe4 Nxe4 13. Nxe4 dxe4 14. Nd2 Bf6 15. Nxe4 Bxe4 16. Qxe4 Rfe8 17. O-O e5 18. Bb2 exd4 19. Qd3 Rad8 20. Rad1 c5 21. e4 Re5 22. Bc1 Rh5 23. g3 Bg5 24. f4 Be7 25. Qf3 Qh6 26. h4 Bxh4 27. g4 Qg6 1-0